00341nam a22001217a 4500008004100000100001800041245005900059260000900118300001300127650002400140700002100164773003400185190829b ||||| |||| 00| 0 eng d aPhadnis, Ajit aThe politics of farm loan waivers: a comparative study c2019 ap.50-56. aLoans - Agriculture aGupta, Aishwarya aEconomic and Political Weekly